Guess The NBA Player By Their Nickname - Statistics

General Stats
  • This quiz has been taken 61 times
  • The average score is 9 of 17
Answer Stats
Hint Answer % Correct
The Logo Jerry West
84%
The Admiral David Robinson
74%
Big O Oscar Robertson
70%
The Stilt Wilt Chamberlain
70%
The Answer Aallen Iverson
68%
White Chocolate Jason Williams
65%
The Truth Paul Pierce
65%
The Round Mound of Rebound Charles Barkley
61%
The Worm Dennis Rodman
61%
Big Baby Glen Davis
58%
White Mamba Brian Scalabrine
53%
Iso Joe Joe Johnson
49%
Maple Jordan Andrew Wiggins
40%
Chocolate Thunder Darryl Dawkins
26%
Psycho T Tyler Hansbrough
16%
STAT Amar'e Stoudemire
12%
Born Ready Lance Stephenson
11%
No matching quizzes found
Score Distribution
Percent of People with Each Score
Percentile by Number Answered
Your Score History
You have not taken this quiz